[Event "Bayamo Cespedes Memorial-A"]
[Site "Bayamo"]
[Date "2017.03.07"]
[Round "10.3"]
[White "Hernandez Gonzalez, William"]
[Black "Guerra Mojena, Leandro"]
[Result "1/2-1/2"]
[WhiteElo "2389"]
[BlackElo "2369"]
[PlyCount "41"]
[EventDate "2017.03.01"]
[EventType "tourn"]
[EventRounds "10"]
[EventCountry "CUB"]
[EventCategory "6"]
[SourceTitle "EXT 2023"]
[Source "ChessBase"]
[SourceDate "2022.10.05"]
[SourceVersion "1"]
[SourceVersionDate "2022.10.05"]
[SourceQuality "1"]

1. e4 e5 2. Nf3 d6 3. d4 Nf6 4. Nc3 Nbd7 5. Bc4 Be7 6. 0-0 0-0 7. a4 c6 8. dxe5 Nxe5 9. Nxe5 dxe5 10. Qxd8 Rxd8 11. Be3 Be6 12. Bxe6 fxe6 13. Rfd1 b6 14. Rxd8+ Rxd8 15. Rd1 Rxd1+ 16. Nxd1 Kf7 17. f3 Nd7 18. Kf2 Bc5 19. Ke2 Ke7 20. b3 Bxe3 21. Kxe3 1/2-1/2

[Event "Cuernavaca Sisniega Memorial"]
[Site "Cuernavaca"]
[Date "2014.05.04"]
[Round "9"]
[White "Dominguez Aguilar, Guillermo"]
[Black "Guerra Mojena, Leandro"]
[Result "1-0"]
[WhiteElo "2346"]
[BlackElo "2388"]
[PlyCount "92"]
[EventDate "2014.04.29"]
[EventType "swiss"]
[EventRounds "9"]
[EventCountry "MEX"]
[SourceTitle "CBM 160 Extra"]
[Source "ChessBase"]
[SourceDate "2014.07.01"]
[SourceVersion "1"]
[SourceVersionDate "2014.07.01"]
[SourceQuality "1"]

1. e4 e6 2. Nf3 d5 3. Nc3 Nf6 4. e5 Nfd7 5. d4 c5 6. dxc5 Nc6 7. Bf4 Bxc5 8. Bd3 f6 9. exf6 Qxf6 10. Bg3 0-0 11. 0-0 Nd4 12. Nxd4 Bxd4 13. Qd2 Ne5 14. Rad1 Nc6 15. Nb5 Bb6 16. c4 Ne5 17. cxd5 exd5 18. Bb1 Be6 19. Qe2 Nc6 20. Bc7 Bf7 21. Bxb6 axb6 22. b3 Rad8 23. Rd2 d4 24. Rfd1 Rfe8 25. Qd3 g6 26. h3 Re5 27. Qf1 Rg5 28. Be4 Bd5 29. f4 Rh5 30. Bxd5+ Rhxd5 31. Nc3 R5d7 32. Ne4 Qf5 33. Ng3 Qd5 34. Qf2 Kg7 35. Ne2 Qc5 36. Kh2 Rd5 37. Qf3 Nb4 38. a3 Nc6 39. b4 Qd6 40. Rd3 Kh8 41. Qe4 Rd7 42. Kg1 Kg7 43. Kh1 Qf6 44. Ng3 b5 45. Rf3 R5d6 46. Qe2 d3 1-0

[Event "CUB-ch"]
[Site "Santa Clara"]
[Date "2014.02.05"]
[Round "13"]
[White "Guerra Mojena, Leandro"]
[Black "Quesada Vera, Liordis"]
[Result "0-1"]
[WhiteElo "2353"]
[BlackElo "2415"]
[PlyCount "102"]
[EventDate "2014.01.22"]
[EventType "tourn"]
[EventRounds "13"]
[EventCountry "CUB"]
[EventCategory "9"]
[SourceTitle "CBM 158 Extra"]
[Source "ChessBase"]
[SourceDate "2014.02.28"]
[SourceVersion "1"]
[SourceVersionDate "2014.02.28"]
[SourceQuality "1"]

1. e4 e5 2. Nf3 Nc6 3. Bc4 Nf6 4. d3 Be7 5. 0-0 d6 6. a4 0-0 7. Re1 Be6 8. c3 Bxc4 9. dxc4 a5 10. Nbd2 Nd7 11. Qc2 Nc5 12. Nf1 Qd7 13. Ng3 Ne6 14. Rd1 b6 15. Be3 g6 16. Rab1 Bf6 17. Ne1 Ne7 18. Nd3 Qc6 19. b3 Bg7 20. f3 f5 21. Bf2 Rf7 22. Re1 f4 23. Nf1 g5 24. Nd2 h5 25. Kf1 g4 26. Ke2 Ng6 27. Kd1 Bf6 28. Kc1 Rg7 29. Qd1 Kf7 30. Kb2 Rh8 31. g3 h4 32. fxg4 fxg3 33. hxg3 hxg3 34. Bxg3 Rh3 35. Rg1 Ngf4 36. Nf2 Rxg3 37. Rxg3 Bh4 38. Rf3 Ng5 39. Nh1 Nxf3 40. Qxf3 Ke8 41. Kc2 Qc5 42. Kb2 Qc6 43. Nf1 Rf7 44. Ka2 Ne6 45. Qe3 Rf4 46. Nfg3 Qc5 47. Qd3 Bxg3 48. Nxg3 Rf2+ 49. Rb2 Rxb2+ 50. Kxb2 Qf2+ 51. Ka3 Nf4 0-1

[Event "CUB-ch"]
[Site "Santa Clara"]
[Date "2014.01.29"]
[Round "7"]
[White "Ortega Amarelle, Mariano"]
[Black "Guerra Mojena, Leandro"]
[Result "1/2-1/2"]
[WhiteElo "2459"]
[BlackElo "2353"]
[PlyCount "91"]
[EventDate "2014.01.22"]
[EventType "tourn"]
[EventRounds "13"]
[EventCountry "CUB"]
[EventCategory "9"]
[SourceTitle "CBM 158 Extra"]
[Source "ChessBase"]
[SourceDate "2014.02.28"]
[SourceVersion "1"]
[SourceVersionDate "2014.02.28"]
[SourceQuality "1"]

1. d4 d5 2. c4 c6 3. Nc3 Nf6 4. Nf3 a6 5. a4 g6 6. Bf4 Bg7 7. e3 Nh5 8. Bg5 0-0 9. Nd2 Be6 10. Be2 Nf6 11. 0-0 Nbd7 12. a5 dxc4 13. Nxc4 Bxc4 14. Bxc4 e5 15. d5 h6 16. Bxf6 Nxf6 17. dxc6 bxc6 18. Qc2 Kh7 19. Rfd1 Qc7 20. e4 Rfb8 21. Rd3 Bf8 22. Rf3 Kg7 23. Qe2 Bb4 24. h4 Bxa5 25. Rxf6 Kxf6 26. Qf3+ Kg7 27. Rxa5 Rxb2 28. Rc5 h5 29. g3 Rd8 30. Bd5 Rd6 31. Na4 Rb1+ 32. Kg2 Qd7 33. Ba2 Rd3 34. Qe2 Rd2 35. Qc4 Ra1 36. Bb3 Re1 37. Nc3 Qa7 38. Nd1 Rdxd1 39. Bxd1 Rxd1 40. Rxc6 Qd4 41. Qxd4 Rxd4 42. Rxa6 Rxe4 43. Rb6 Kf8 44. Rb7 Rd4 45. Rb5 Re4 46. f3 1/2-1/2

[Event "CUB-ch"]
[Site "Santa Clara"]
[Date "2014.01.25"]
[Round "4"]
[White "Guerra Mojena, Leandro"]
[Black "Gonzalez Vidal, Yuri"]
[Result "1/2-1/2"]
[WhiteElo "2353"]
[BlackElo "2549"]
[PlyCount "44"]
[EventDate "2014.01.22"]
[EventType "tourn"]
[EventRounds "13"]
[EventCountry "CUB"]
[EventCategory "9"]
[SourceTitle "CBM 158 Extra"]
[Source "ChessBase"]
[SourceDate "2014.02.28"]
[SourceVersion "1"]
[SourceVersionDate "2014.02.28"]
[SourceQuality "1"]

1. c4 Nf6 2. Nc3 c5 3. Nf3 d5 4. cxd5 Nxd5 5. e3 Nc6 6. a3 Nxc3 7. bxc3 g6 8. d4 Bg7 9. Be2 0-0 10. 0-0 Qc7 11. a4 Rd8 12. Bb2 b6 13. Rc1 Bb7 14. Qb3 Na5 15. Qa3 Rac8 16. Rfd1 Bxf3 17. Bxf3 Nc4 18. Qa2 Nxb2 19. Qxb2 e6 20. g3 Qe7 21. Qb5 e5 22. dxe5 Bxe5 1/2-1/2

[Event "Capablanca Memorial op-A 48th"]
[Site "Havana"]
[Date "2013.04.21"]
[Round "1"]
[White "Guerra Mojena, Leandro"]
[Black "Franco Valencia, Beatriz Irene"]
[Result "0-1"]
[WhiteElo "2373"]
[BlackElo "2158"]
[PlyCount "80"]
[EventDate "2013.04.21"]
[EventType "swiss"]
[EventRounds "10"]
[EventCountry "CUB"]
[SourceTitle "CBM 154 Extra"]
[Source "ChessBase"]
[SourceDate "2013.06.25"]
[SourceVersion "2"]
[SourceVersionDate "2013.06.25"]
[SourceQuality "1"]

1. e4 d6 2. d4 Nf6 3. Nc3 g6 4. f4 Bg7 5. Nf3 0-0 6. Bd3 Nbd7 7. e5 Ne8 8. Qe2 c5 9. d5 dxe5 10. fxe5 Nb6 11. Be4 f6 12. Be3 c4 13. Nd2 fxe5 14. Nxc4 Nxc4 15. Qxc4 Nd6 16. Qd3 Nxe4 17. Nxe4 Bf5 18. 0-0-0 e6 19. d6 Qh4 20. Bg5 Qxe4 21. Qxe4 Bxe4 22. d7 Rad8 23. Bxd8 Rxd8 24. Rhg1 Bc6 25. g3 Kf7 26. c4 Ke7 27. Kc2 Rxd7 28. Rxd7+ Bxd7 29. b4 Bc6 30. Rf1 Be4+ 31. Kd2 Bh6+ 32. Kc3 Bf5 33. h3 Be3 34. g4 Bd4+ 35. Kd2 Be4 36. Ke2 Bg2 37. Rd1 Bxh3 38. Kf3 h5 39. gxh5 gxh5 40. Kg3 Bg4 0-1

[Event "Mexico City UNAM op"]
[Site "Mexico City"]
[Date "2012.11.25"]
[Round "9"]
[White "Della Morte, Pablo"]
[Black "Guerra Mojena, Leandro"]
[Result "1-0"]
[WhiteElo "2308"]
[BlackElo "2382"]
[PlyCount "47"]
[EventDate "2012.11.21"]
[EventType "swiss"]
[EventRounds "9"]
[EventCountry "MEX"]
[SourceTitle "CBM 151 Extra"]
[Source "ChessBase"]
[SourceDate "2012.12.18"]
[SourceVersion "1"]
[SourceVersionDate "2012.12.18"]
[SourceQuality "1"]

1. e4 e5 2. Nf3 d6 3. d4 Nf6 4. Nc3 Nbd7 5. Bc4 Be7 6. 0-0 0-0 7. a4 c6 8. Re1 b6 9. b3 a6 10. Bb2 Rb8 11. Bd3 b5 12. axb5 axb5 13. Ne2 Qc7 14. Ng3 Re8 15. Qd2 g6 16. h3 Bf8 17. Bf1 exd4 18. Nxd4 Nc5 19. Nxb5 cxb5 20. Bxf6 Bg7 21. Bxg7 Kxg7 22. Rad1 Ne6 23. Qxd6 Qxd6 24. Rxd6 1-0

[Event "Capablanca Memorial op-A 46th"]
[Site "Havana"]
[Date "2011.05.17"]
[Round "6"]
[White "Obregon Rivero, Juan Carlos"]
[Black "Guerra Mojena, Leandro"]
[Result "0-1"]
[WhiteElo "2445"]
[BlackElo "2337"]
[PlyCount "108"]
[EventDate "2011.05.11"]
[EventType "swiss"]
[EventRounds "10"]
[EventCountry "CUB"]
[SourceTitle "CBM 142 Extra"]
[Source "ChessBase"]
[SourceDate "2011.06.27"]
[SourceVersion "1"]
[SourceVersionDate "2011.06.27"]
[SourceQuality "1"]

1. e4 e6 2. d4 d5 3. Nc3 Bb4 4. e5 c5 5. a3 Bxc3+ 6. bxc3 Ne7 7. Nf3 Nbc6 8. a4 Qa5 9. Bd2 Bd7 10. Bd3 Qc7 11. 0-0 c4 12. Be2 f6 13. exf6 gxf6 14. Qc1 0-0-0 15. Qa3 e5 16. dxe5 fxe5 17. a5 Rhg8 18. Rfb1 Bh3 19. g3 Bg4 20. Bd1 Nf5 21. a6 b6 22. Ng5 Bxd1 23. Rxd1 Rg6 24. Kh1 Rdg8 25. Bc1 Qd7 26. Rb1 Rxg5 27. Bxg5 Rxg5 28. Qf8+ Nd8 29. Rb4 Qc6 30. Kg1 Nd6 31. Qe7 Rf5 32. Qxa7 b5 33. Ra1 Ne6 34. Qxh7 Qb6 35. Rf1 Qxa6 36. Rbb1 Nc7 37. Ra1 Qb6 38. h4 e4 39. Qh6 Rf3 40. Kg2 Kb7 41. h5 Rxc3 42. Qg6 Nde8 43. Qxb6+ Kxb6 44. h6 Nf6 45. g4 Ne6 46. f4 exf3+ 47. Rxf3 Rxc2+ 48. Kg1 Nxg4 49. Re1 Nd4 50. Rf4 Ne2+ 51. Rxe2 Rxe2 52. Rxg4 Re8 53. h7 Rh8 54. Rg7 c3 0-1

[Event "Capablanca Memorial op-A 46th"]
[Site "Havana"]
[Date "2011.05.13"]
[Round "3"]
[White "Guerra Mojena, Leandro"]
[Black "Borges Matos, Juan R"]
[Result "1/2-1/2"]
[WhiteElo "2337"]
[BlackElo "2451"]
[PlyCount "81"]
[EventDate "2011.05.11"]
[EventType "swiss"]
[EventRounds "10"]
[EventCountry "CUB"]
[SourceTitle "CBM 142 Extra"]
[Source "ChessBase"]
[SourceDate "2011.06.27"]
[SourceVersion "1"]
[SourceVersionDate "2011.06.27"]
[SourceQuality "1"]

1. e4 c5 2. Nf3 e6 3. d4 cxd4 4. Nxd4 Nc6 5. Nxc6 bxc6 6. Bd3 Nf6 7. 0-0 d5 8. Nd2 Be7 9. c4 0-0 10. Qc2 h6 11. b3 a5 12. Bb2 Ba6 13. Rac1 Qb6 14. Nf3 a4 15. Bd4 axb3 16. axb3 Qb7 17. Rfd1 dxe4 18. Bxe4 Nxe4 19. Qxe4 c5 20. Qxb7 Bxb7 21. Be3 Rfd8 22. Ne5 Rxd1+ 23. Rxd1 Be4 24. f3 Bc2 25. Rd7 Bh4 26. g3 Bf6 27. Ng4 Bxb3 28. Nxf6+ gxf6 29. Bxc5 Ra1+ 30. Kf2 Ra2+ 31. Ke3 Bxc4 32. Rd2 Ra6 33. Be7 f5 34. h4 Bd5 35. g4 fxg4 36. fxg4 Ra4 37. Rd4 Ra1 38. Bf6 Rf1 39. Rf4 Re1+ 40. Kf2 Rb1 41. h5 1/2-1/2

[Event "Capablanca Memorial op-A 46th"]
[Site "Havana"]
[Date "2011.05.11"]
[Round "1"]
[White "Guerra Mojena, Leandro"]
[Black "Espinosa Garcia, Sandra"]
[Result "1-0"]
[WhiteElo "2337"]
[BlackElo "2113"]
[PlyCount "89"]
[EventDate "2011.05.11"]
[EventType "swiss"]
[EventRounds "10"]
[EventCountry "CUB"]
[SourceTitle "CBM 142 Extra"]
[Source "ChessBase"]
[SourceDate "2011.06.27"]
[SourceVersion "1"]
[SourceVersionDate "2011.06.27"]
[SourceQuality "1"]

1. e4 c5 2. Nf3 Nc6 3. Nc3 g6 4. d4 cxd4 5. Nxd4 Bg7 6. Be3 Nf6 7. Bc4 0-0 8. Bb3 a5 9. 0-0 a4 10. Nxa4 Nxe4 11. Nb5 d6 12. c4 Ra6 13. Qe2 Nf6 14. h3 Na5 15. Bc2 Be6 16. b3 Nc6 17. Rad1 Qc8 18. Bb1 Ne5 19. Nac3 Ned7 20. Nd4 Nc5 21. Nxe6 Nxe6 22. f4 Nh5 23. Qe1 f5 24. Nd5 Rf7 25. g4 fxg4 26. f5 gxh3 27. fxe6 Qxe6 28. Qh4 Nf6 29. Nxf6+ Bxf6 30. Qe4 Be5 31. Rxf7 Qxf7 32. Qxb7 Kg7 33. Rf1 Qe6 34. Qf3 Bf6 35. Bd2 Rb6 36. Re1 Qc8 37. Kh2 Qc5 38. Kxh3 Qd4 39. Qf4 Qc5 40. Qh6+ Kg8 41. Bxg6 Qc8+ 42. Kg3 hxg6 43. Qxg6+ Bg7 44. Rxe7 Qf8 45. Re8 1-0

[Event "Ciego de Avila"]
[Site "Ciego de Avila"]
[Date "2010.06.27"]
[Round "1"]
[White "Guerra Mojena, Leandro"]
[Black "Fernandez Cardoso, Alexey"]
[Result "0-1"]
[WhiteElo "2254"]
[BlackElo "2418"]
[PlyCount "68"]
[EventDate "2010.06.27"]
[EventType "tourn"]
[EventRounds "9"]
[EventCountry "CUB"]
[EventCategory "5"]
[SourceTitle "CBM 137 Extra"]
[Source "ChessBase"]
[SourceDate "2010.09.01"]
[SourceVersion "1"]
[SourceVersionDate "2010.09.01"]
[SourceQuality "1"]

1. e4 c5 2. Nf3 Nc6 3. Bb5 a6 4. Bxc6 dxc6 5. d3 Qc7 6. 0-0 Bg4 7. Be3 e5 8. Nbd2 Bd6 9. h3 Bh5 10. a3 Ne7 11. Qe1 f6 12. Nh4 Bf7 13. Nc4 Bxc4 14. dxc4 g5 15. Nf3 h5 16. b4 Ng6 17. bxc5 Be7 18. Rd1 g4 19. Nh2 gxh3 20. g3 h4 21. Qe2 Kf7 22. Qg4 Rag8 23. Qd7 Qxd7 24. Rxd7 hxg3 25. fxg3 Nf8 26. Rxb7 Rxg3+ 27. Kh1 Rxe3 28. Ng4 Rxe4 29. Rxf6+ Ke8 30. Rb8+ Kd7 31. Rb7+ Kd8 32. Rxc6 Rxg4 33. Rxa6 Ke8 34. c6 h2 0-1

[Event "Medellin GP Feria de Flores"]
[Site "Medellin"]
[Date "2009.08.05"]
[Round "2.1"]
[White "Guerra Mojena, Leandro"]
[Black "Lotero, Faiber"]
[Result "0-1"]
[WhiteElo "2266"]
[BlackElo "2140"]
[PlyCount "58"]
[EventDate "2009.08.05"]
[EventType "swiss"]
[EventRounds "9"]
[EventCountry "COL"]
[SourceTitle "EXT 2024"]
[Source "ChessBase"]
[SourceDate "2023.10.10"]
[SourceVersion "1"]
[SourceVersionDate "2023.10.10"]
[SourceQuality "1"]

1. e4 Nc6 2. Nf3 d5 3. exd5 Qxd5 4. Nc3 Qh5 5. d4 Bg4 6. Bb5 e6 7. Bxc6+ bxc6 8. Qd3 Bxf3 9. gxf3 Bd6 10. Bd2 Ne7 11. 0-0-0 0-0 12. Rdg1 Nf5 13. Ne4 Be7 14. Bf4 Rad8 15. Bxc7 Qh6+ 16. Kb1 Rxd4 17. Qc3 Rd5 18. Bg3 Nd4 19. f4 Ne2 20. Qxc6 Nxg1 21. Rxg1 Qh5 22. Nc3 Rd6 23. Qc4 Rfd8 24. a3 Bf6 25. Ne4 Rd1+ 26. Rxd1 Qxd1+ 27. Ka2 Bxb2 28. Kxb2 Rb8+ 29. Kc3 Qe1+ 0-1

[Event "Central America Carribean-ch U20"]
[Site "Medellin"]
[Date "2009.08.02"]
[Round "5"]
[White "Guerra Mojena, Leandro"]
[Black "Otero Martinez, Daniel"]
[Result "0-1"]
[WhiteElo "2267"]
[BlackElo "2097"]
[PlyCount "84"]
[EventDate "2009.07.30"]
[EventType "swiss"]
[EventRounds "9"]
[EventCountry "COL"]
[SourceTitle "CBM 131 Extra"]
[Source "ChessBase"]
[SourceDate "2009.09.03"]
[SourceVersion "2"]
[SourceVersionDate "2009.09.16"]
[SourceQuality "1"]

1. e4 c5 2. Nf3 Nc6 3. Nc3 Nf6 4. Bb5 d6 5. e5 Ng4 6. exd6 Qxd6 7. Ne4 Qd5 8. Qe2 Nf6 9. Neg5 e6 10. c4 Qf5 11. Bxc6+ bxc6 12. d3 h6 13. Ne4 Nxe4 14. dxe4 Qg4 15. 0-0 e5 16. Qe3 Qh5 17. b3 Bg4 18. Nd2 Rd8 19. h3 Bc8 20. Nf3 f6 21. Ba3 Be7 22. Ne1 Qg6 23. Bxc5 Bxc5 24. Qxc5 Bxh3 25. Qxc6+ Bd7 26. Qb7 h5 27. Qxa7 h4 28. Kh2 Bc6 29. Qe3 Bxe4 30. Rc1 Rd3 31. Qe2 Rh5 32. Rg1 Rg3 33. Nf3 Qg4 34. Rc3 Qf4 35. Qxe4 Qxe4 36. fxg3 hxg3+ 37. Kxg3 Qf4+ 38. Kf2 e4 39. g3 Qd6 40. Re3 f5 41. g4 Rh3 42. gxf5 Qf4 0-1

[Event "Capablanca Memorial op 44th"]
[Site "Havana"]
[Date "2009.06.18"]
[Round "10"]
[White "Guerra Mojena, Leandro"]
[Black "Trujillo Villega, Pablo Adrian"]
[Result "1-0"]
[WhiteElo "2252"]
[BlackElo "2209"]
[PlyCount "115"]
[EventDate "2009.06.08"]
[EventType "swiss"]
[EventRounds "10"]
[EventCountry "CUB"]
[SourceTitle "CBM 130 Extra"]
[Source "ChessBase"]
[SourceDate "2009.07.02"]
[SourceVersion "2"]
[SourceVersionDate "2009.07.15"]
[SourceQuality "1"]

1. e4 c5 2. Nf3 Nc6 3. Nc3 g6 4. d4 cxd4 5. Nxd4 Bg7 6. Be3 Nf6 7. Bc4 Qa5 8. 0-0 0-0 9. Bb3 d6 10. h3 Qh5 11. Qd2 Bd7 12. f4 b5 13. Nxc6 Bxc6 14. Qd3 a5 15. a4 b4 16. Nd5 Nxd5 17. exd5 Bb7 18. Rfe1 Bxb2 19. Rab1 Bc3 20. Bd2 Ba6 21. Qe3 Bxd2 22. Qxd2 Qh4 23. Re4 Rfe8 24. Rbe1 Qf6 25. Qe3 Kf8 26. Kh1 h6 27. Qb6 h5 28. Qf2 Bc8 29. Qb6 Bf5 30. R4e2 Qc3 31. Qf2 Rac8 32. Kh2 Qf6 33. Qb6 Rc3 34. Qf2 h4 35. Re3 Rxe3 36. Rxe3 Rc8 37. Kh1 Rc3 38. Rxc3 bxc3 39. Qe3 Kg7 40. Qb6 Be4 41. Qe3 Bf5 42. Qb6 g5 43. Qe3 g4 44. hxg4 Bxg4 45. Bc4 Bf5 46. Bb3 Kh6 47. Qe2 e6 48. Qf2 Be4 49. dxe6 fxe6 50. Qe3 Qf5 51. Bxe6 Bxg2+ 52. Kxg2 Qxc2+ 53. Kh3 Qxa4 54. f5+ Kh7 55. Qg5 Qe8 56. Kxh4 Qf8 57. Qg6+ Kh8 58. f6 1-0

[Event "Capablanca Memorial op 44th"]
[Site "Havana"]
[Date "2009.06.17"]
[Round "9"]
[White "Fernandez Cardoso, Alexey"]
[Black "Guerra Mojena, Leandro"]
[Result "1-0"]
[WhiteElo "2399"]
[BlackElo "2252"]
[PlyCount "67"]
[EventDate "2009.06.08"]
[EventType "swiss"]
[EventRounds "10"]
[EventCountry "CUB"]
[SourceTitle "CBM 130 Extra"]
[Source "ChessBase"]
[SourceDate "2009.07.02"]
[SourceVersion "2"]
[SourceVersionDate "2009.07.15"]
[SourceQuality "1"]

1. e4 c5 2. Nf3 e6 3. d4 cxd4 4. Nxd4 Nf6 5. Bd3 Nc6 6. Nxc6 bxc6 7. 0-0 d6 8. c4 Be7 9. Nc3 Rb8 10. Kh1 e5 11. b3 0-0 12. Bc2 Qc7 13. Qd3 Bb7 14. f4 Nd7 15. Ba3 Rbd8 16. Rad1 Nc5 17. Qg3 Bf6 18. f5 Kh8 19. Rf3 a5 20. Qg4 Rd7 21. Rh3 Re8 22. Qh5 h6 23. Bc1 Kg8 24. Bxh6 gxh6 25. Qxh6 Bg7 26. Qh7+ Kf8 27. f6 Bxf6 28. Rf1 Re6 29. Nd5 cxd5 30. exd5 Re8 31. Rxf6 Ke7 32. Qxf7+ Kd8 33. Qxe8+ Kxe8 34. Bg6+ 1-0

[Event "Capablanca Memorial op 44th"]
[Site "Havana"]
[Date "2009.06.16"]
[Round "8"]
[White "Guerra Mojena, Leandro"]
[Black "Morales Romero, Pedro"]
[Result "0-1"]
[WhiteElo "2252"]
[BlackElo "2410"]
[PlyCount "100"]
[EventDate "2009.06.08"]
[EventType "swiss"]
[EventRounds "10"]
[EventCountry "CUB"]
[SourceTitle "CBM 130 Extra"]
[Source "ChessBase"]
[SourceDate "2009.07.02"]
[SourceVersion "2"]
[SourceVersionDate "2009.07.15"]
[SourceQuality "1"]

1. e4 c5 2. Nf3 d6 3. Bb5+ Bd7 4. Bxd7+ Nxd7 5. 0-0 Ngf6 6. Qe2 e6 7. c4 Be7 8. d4 cxd4 9. Nxd4 0-0 10. Nc3 a6 11. b3 Re8 12. Bb2 Rc8 13. Rac1 Bf8 14. Nc2 Rc5 15. Rfd1 Qb8 16. Ne3 b5 17. cxb5 axb5 18. b4 Rh5 19. Nf1 g6 20. Ng3 Rh4 21. a3 Bh6 22. Rb1 d5 23. Qxb5 Qa7 24. Qe2 Ng4 25. Nb5 Qb8 26. h3 Ne3 27. Rd3 Nc4 28. a4 Ndb6 29. Nc3 d4 30. Nd1 Nxb2 31. Nxb2 Bg7 32. Rb3 f5 33. a5 Nd7 34. exf5 exf5 35. Qc4+ Kh8 36. b5 f4 37. Nf1 f3 38. Qd5 Ne5 39. b6 Rd8 40. Qb5 fxg2 41. Ng3 Qc8 42. Kxg2 Qxh3+ 43. Kg1 d3 44. Rxd3 Rf8 45. Nd1 Qh2+ 46. Kf1 Rhf4 47. Rd2 Nf3 48. Rbb2 Qg1+ 49. Ke2 Qe1+ 50. Kd3 Rd4+ 0-1

[Event "Capablanca Memorial op 44th"]
[Site "Havana"]
[Date "2009.06.14"]
[Round "6"]
[White "Guerra Mojena, Leandro"]
[Black "Soto Hernandez, Henry"]
[Result "1-0"]
[WhiteElo "2252"]
[BlackElo "2293"]
[PlyCount "55"]
[EventDate "2009.06.08"]
[EventType "swiss"]
[EventRounds "10"]
[EventCountry "CUB"]
[SourceTitle "CBM 130 Extra"]
[Source "ChessBase"]
[SourceDate "2009.07.02"]
[SourceVersion "2"]
[SourceVersionDate "2009.07.15"]
[SourceQuality "1"]

1. e4 c5 2. Nf3 e6 3. d4 cxd4 4. Nxd4 a6 5. Bd3 Bc5 6. Nb3 Ba7 7. Qg4 Nf6 8. Qg3 d6 9. 0-0 Nc6 10. Kh1 Ne5 11. Nc3 Nxd3 12. Qxd3 e5 13. Bg5 h6 14. Bxf6 Qxf6 15. Rad1 Bb8 16. f4 exf4 17. Nd5 Qd8 18. Rxf4 0-0 19. e5 Re8 20. Nf6+ gxf6 21. Qg3+ Kh7 22. Rxf6 Qe7 23. Rdf1 Rf8 24. Qh4 Kg8 25. Qxh6 Re8 26. Qg5+ Kf8 27. Qh5 Kg8 28. Rxf7 1-0

[Event "Capablanca Memorial op 44th"]
[Site "Havana"]
[Date "2009.06.12"]
[Round "5"]
[White "Alonso Bouza, Julio Javier"]
[Black "Guerra Mojena, Leandro"]
[Result "1-0"]
[WhiteElo "2266"]
[BlackElo "2252"]
[PlyCount "151"]
[EventDate "2009.06.08"]
[EventType "swiss"]
[EventRounds "10"]
[EventCountry "CUB"]
[SourceTitle "CBM 130 Extra"]
[Source "ChessBase"]
[SourceDate "2009.07.02"]
[SourceVersion "2"]
[SourceVersionDate "2009.07.15"]
[SourceQuality "1"]

1. e4 c5 2. Nc3 Nc6 3. Bb5 e6 4. Bxc6 bxc6 5. d3 d6 6. f4 Nf6 7. e5 Nd5 8. Ne4 dxe5 9. fxe5 c4 10. Nf3 cxd3 11. Qxd3 Qb6 12. c4 Ba6 13. b3 0-0-0 14. Qe2 Bb4+ 15. Kf1 f5 16. Nd6+ Bxd6 17. exd6 Rxd6 18. Qe5 Rhd8 19. Ke2 Nf6 20. Be3 Qc7 21. h3 Ne4 22. Rhe1 c5 23. Kf1 Rb6 24. Qxc7+ Kxc7 25. Ng5 Nxg5 26. Bxg5 Rd7 27. Re5 Rc6 28. Rae1 Bc8 29. Be3 Kd6 30. Bf4 Ke7 31. Rxf5 Ke8 32. Rfe5 Rf7 33. g3 g6 34. h4 Bd7 35. R1e2 Rf5 36. Rxf5 gxf5 37. Be5 Ke7 38. Kf2 Rc8 39. Rd2 Ke8 40. Ke3 Bc6 41. Kf4 Be4 42. Kg5 Rd8 43. Bd6 Kf7 44. Kf4 a6 45. Ke5 Bb7 46. Rf2 h5 47. Re2 Rc8 48. Kf4 Be4 49. Re3 Kf6 50. Rc3 Rg8 51. Be5+ Kg6 52. a3 Rd8 53. Ke3 Kf7 54. b4 cxb4 55. axb4 Ke7 56. Ra3 Bb7 57. Ra5 Kd7 58. Bf4 Ke8 59. Re5 Kf7 60. Rc5 Rd7 61. Be5 Kg6 62. Rc7 Rxc7 63. Bxc7 Kf6 64. Kd4 Bf3 65. Bf4 Be2 66. Be5+ Kf7 67. c5 Ke8 68. c6 Bf3 69. Kc5 Be4 70. Kd6 Bd5 71. c7 Bb7 72. Kxe6 Bc8+ 73. Kf6 f4 74. gxf4 Kd7 75. Kg6 Ke7 76. f5 1-0

[Event "Capablanca Memorial op 44th"]
[Site "Havana"]
[Date "2009.06.10"]
[Round "3"]
[White "Cori, Jorge Moise"]
[Black "Guerra Mojena, Leandro"]
[Result "1-0"]
[WhiteElo "2418"]
[BlackElo "2252"]
[PlyCount "115"]
[EventDate "2009.06.08"]
[EventType "swiss"]
[EventRounds "10"]
[EventCountry "CUB"]
[SourceTitle "CBM 130 Extra"]
[Source "ChessBase"]
[SourceDate "2009.07.02"]
[SourceVersion "2"]
[SourceVersionDate "2009.07.15"]
[SourceQuality "1"]

1. e4 c5 2. Nf3 e6 3. c3 Nf6 4. d3 Nc6 5. Be2 d5 6. Nbd2 Bd6 7. 0-0 0-0 8. Re1 Qc7 9. Qc2 b6 10. Nf1 dxe4 11. dxe4 Bb7 12. Bg5 Nd7 13. Rad1 Nde5 14. N3d2 Be7 15. Be3 Ng6 16. g3 Rad8 17. f4 Rfe8 18. Nf3 Rxd1 19. Rxd1 Rd8 20. Rxd8+ Qxd8 21. N1d2 Nf8 22. Kf2 Qc8 23. Nc4 b5 24. Ncd2 a6 25. b3 Nd7 26. h3 Qc7 27. c4 b4 28. e5 Nd8 29. Bd3 h6 30. Ne4 Qc6 31. Qd1 Kf8 32. Bb1 f5 33. exf6 gxf6 34. Nh4 Nf7 35. Ng6+ Ke8 36. Qh5 Kd8 37. Nxe7 Kxe7 38. Bxc5+ Nxc5 39. Qxc5+ Qxc5+ 40. Nxc5 Bc8 41. Be4 Nd6 42. Ke3 e5 43. fxe5 fxe5 44. Nd3 Bxh3 45. Nxe5 Ke6 46. Nd3 Nxe4 47. Kxe4 Bf5+ 48. Kd4 a5 49. Nc5+ Kd6 50. Ne4+ Kc6 51. Nd2 Bc2 52. c5 Bh7 53. Nc4 Kb5 54. Kd5 a4 55. c6 axb3 56. axb3 Ka6 57. Kc5 Be4 58. Nd6 1-0

[Event "Moncada op 6th"]
[Site "Santiago de Cuba"]
[Date "2009.05.23"]
[Round "7"]
[White "Guerra Mojena, Leandro"]
[Black "Leyva Rivera, Yunier"]
[Result "0-1"]
[WhiteElo "2252"]
[BlackElo "2375"]
[PlyCount "136"]
[EventDate "2009.05.16"]
[EventType "swiss"]
[EventRounds "9"]
[EventCountry "CUB"]
[SourceTitle "CBM 130 Extra"]
[Source "ChessBase"]
[SourceDate "2009.07.02"]
[SourceVersion "2"]
[SourceVersionDate "2009.07.15"]
[SourceQuality "1"]

1. e4 c5 2. Nf3 d6 3. d4 cxd4 4. Nxd4 Nf6 5. Nc3 Nc6 6. f3 e5 7. Nb3 Be7 8. Be3 0-0 9. Qd2 a5 10. Bb5 Na7 11. Bd3 Nc6 12. Bb5 Na7 13. Bd3 Nc6 14. a3 a4 15. Nc1 Be6 16. N1e2 d5 17. exd5 Nxd5 18. Nxd5 Qxd5 19. Nc3 Qa5 20. Qf2 Rac8 21. 0-0 f5 22. Rfe1 Rf6 23. Bb6 Qa8 24. Bb5 Rh6 25. Bxa4 f4 26. Bb3 Bxb3 27. cxb3 Bh4 28. Qd2 Bxe1 29. Rxe1 Qa6 30. Qd5+ Kh8 31. Bf2 Rd8 32. Qc5 Rg6 33. b4 Nd4 34. Bxd4 exd4 35. b5 Qd6 36. Qxd6 Rgxd6 37. Ne4 Rd5 38. a4 d3 39. Rd1 Rd4 40. Nc3 d2 41. Kf2 Rb4 42. Ne4 Rxb2 43. Nc5 b6 44. Ne6 Rd6 45. Nxf4 Rb4 46. Ke3 Rxa4 47. Nd3 Ra3 48. Rxd2 Rb3 49. f4 g6 50. Ke4 Kg7 51. g3 Kf6 52. Rd1 Rxb5 53. Rc1 Ke7 54. Ne5 Rc5 55. Ra1 Rc7 56. Rb1 Kd8 57. g4 Ke7 58. h4 Ra7 59. Rb4 Ra1 60. Rc4 Re1+ 61. Kf3 Rf6 62. g5 Rf5 63. Kg3 Kd8 64. Rc6 Re3+ 65. Nf3 Rc5 66. Rxc5 bxc5 67. f5 gxf5 68. Kf4 Rxf3+ 0-1